000 00317 a2200157 4500
001 188728
020 _a0-435-27170-9
040 _cMagnum
100 _aEscott, John
240 1 0 _aNewspaper boy
_lING
245 1 0 _aNewspaper boy
300 _a31
362 0 _a2004
697 _aLITERATURA INGLESA
942 _cBK
999 _c188728
_d188728